50 najmniejszych państw świata - Statystyki

Ogólne statystyki
  • Ten quiz został rozwiązany 312 razy
  • Średni wynik to 33 z 50
Statystyki odpowiedzi
Powierzchnia Państwo % Poprawnych
0,44 km² Watykan
99%
2,02 km² Monako
92%
160 km² Liechtenstein
90%
61 km² San Marino
90%
468 km² Andora
88%
2 586 km² Luksemburg
85%
316 km² Malta
81%
21 km² Nauru
77%
26 km² Tuvalu
74%
18 274 km² Fidżi
73%
10 887 km² Kosowo
71%
459 km² Palau
71%
12 189 km² Vanuatu
71%
261 km² Saint Kitts i Nevis
70%
620 km² Saint Lucia
70%
181 km² Wyspy Marshalla
70%
702 km² Mikronezja
69%
389 km² Saint Vincent i Grenadyny
68%
811 km² Kiribati
67%
298 km² Malediwy
67%
9 251 km² Cypr
66%
751 km² Dominika
66%
11 586 km² Katar
65%
455 km² Seszele
65%
693 km² Singapur
65%
747 km² Tonga
65%
442 km² Antigua i Barbuda
64%
620 km² Bahrajn
64%
2 235 km² Komory
64%
4 033 km² Republika Zielonego Przylądka
64%
2 831 km² Samoa
64%
1 001 km² Wyspy Świętego Tomasza i Książęca
64%
5 128 km² Trynidad i Tobago
62%
430 km² Barbados
61%
5 765 km² Brunei
61%
344 km² Grenada
60%
2 040 km² Mauritius
60%
14 874 km² Timor Wschodni
60%
13 940 km² Bahamy
56%
22 966 km² Belize
56%
13 812 km² Czarnogóra
56%
17 364 km² Eswatini
56%
10 991 km² Jamajka
55%
17 820 km² Kuwejt
55%
23 200 km² Dżibuti
54%
21 041 km² Salwador
52%
10 400 km² Liban
50%
20 273 km² Słowenia
48%
25 713 km² Macedonia Północna
47%
11 300 km² Gambia
43%
Nie znaleziono quizów pasujących do podanych kryteriów
Rozkład punktacji
Procent ludzi z każdym wynikiem
Percentyl według liczby udzielonych odpowiedzi
Twoja historia wyników
Nie rozwiązałeś tego quizu